Statistics for The Powers of 10

Click here to take the quiz!

General Stats

  • This quiz has been taken 31 times
  • The average score is 14 of 20

Answer Stats

PowerAnswer% Correct
10 to the negative fourth power0.0001
82%
10 to the negative third power0.001
82%
10 to the negative second power0.01
82%
10 the negative first power0.1
82%
10 to the negative sixth power0.000001
77%
10 to the negative fifth power0.00001
77%
10 to the first power10
77%
10 to the negative seventh power0.0000001
73%
10 to the second power100
73%
10 to the third power1,000
73%
10 to the fourth power10,000
73%
10 to the fifth power100,000
73%
10 to the sixth power1,000,000
73%
10 to the negative eighth power0.00000001
64%
10 to the seventh power10,000,000
59%
10 to the eighth power100,000,000
55%
10 to the negative ninth power0.000000001
50%
10 to the ninth power1,000,000,000
50%
10 to the tenth power10,000,000,000
50%
10 to the negative tenth power0.0000000001
41%

Score Distribution

Percentile by Number Answered

Percent of People with Each Score

Your Score History

You have not taken this quiz